Nie Bylo Ciebie Tyle Lat (Lp 074) (Record n. 101142)

Dettagli MARC
000 -LEADER
fixed length control field 02479njm a2200421Ia 4500
001 - CONTROL NUMBER
control field 73130
003 - CONTROL NUMBER IDENTIFIER
control field IT-RoPAU
005 - DATE AND TIME OF LATEST TRANSACTION
control field 20220918181139.0
008 - FIXED-LENGTH DATA ELEMENTS--GENERAL INFORMATION
fixed length control field 131025s9999 xx 000 0 und d
040 ## - CATALOGING SOURCE
Original cataloging agency IT-RoPAU
040 ## - CATALOGING SOURCE
Transcribing agency IT-RoPAU
041 ## - LANGUAGE CODE
Language code of text/sound track or separate title POLACCO
999 ## - SYSTEM CONTROL NUMBERS (KOHA)
Koha Dewey Subclass [OBSOLETE] n.d.
100 ## - MAIN ENTRY--PERSONAL NAME
Personal name AA.VV.
9 (RLIN) 794
100 ## - MAIN ENTRY--PERSONAL NAME
Relator term Autore musica
9 (RLIN) 24631
100 ## - MAIN ENTRY--PERSONAL NAME
Miscellaneous information Codice autore musica SPICS: 12000
9 (RLIN) 796
245 ## - TITLE STATEMENT
Title Nie Bylo Ciebie Tyle Lat (Lp 074)
250 ## - EDITION STATEMENT
Edition statement 1a ed.
260 ## - PUBLICATION, DISTRIBUTION, ETC. (IMPRINT)
Place of publication, distribution, etc. POLONIA
260 ## - PUBLICATION, DISTRIBUTION, ETC. (IMPRINT)
Name of publisher, distributor, etc. WIFON
Date of publication, distribution, etc. 1985 [1a Ed.:1984 - Ed. Lingua Orig.: 1984]
300 ## - PHYSICAL DESCRIPTION
Extent DISCO
300 ## - PHYSICAL DESCRIPTION
Dimensions 43 minuti (Testo: 0 pag.)
500 ## - GENERAL NOTE
General note Musica pop polacca
505 ## - FORMATTED CONTENTS NOTE
Formatted contents note Nie Bylo Ciebie Tyle Lat (5:00) - Koncert Na Swiatlo I Cien (5:00) - Dzieli Nas Pol Swiata (4:00) - Lot nr. 205 (4:00) - Przez Morze Siedmiu Morz (4:00) - Blue Box (5:00) - Nie Powiem Ci Idz (5:00) - Przed Siebie Pobiec Choc Raz (4:00) - Lepiej, Ze Nie Wiem (4:00) - Trzeba Tam Wrocic (5:00)
650 ## - SUBJECT ADDED ENTRY--TOPICAL TERM
Topical term or geographic name as entry element POP MUSIC [DISCHI]
Relator term Codice MATERIA SPICS: 9950
9 (RLIN) 24632
700 ## - ADDED ENTRY--PERSONAL NAME
Personal name Gizowska Krystyna
Miscellaneous information Codice interprete SPICS: 25569
Relator term Interprete
9 (RLIN) 24633
700 ## - ADDED ENTRY--PERSONAL NAME
Personal name Kniat R.
Miscellaneous information Codice autore musica SPICS: 25085
Relator term Autore musica
Name of part/section of a work Nie Bylo Ciebie Tyle Lat
9 (RLIN) 24634
700 ## - ADDED ENTRY--PERSONAL NAME
Personal name Jarek A.
Miscellaneous information Codice autore testo/musica SPICS: 25179
Relator term Autore testo/musica
Name of part/section of a work Nie Bylo Ciebie Tyle Lat - Przed Siebie Pobiec Choc Raz - Lepiej, Ze Nie Wiem
9 (RLIN) 24635
700 ## - ADDED ENTRY--PERSONAL NAME
Personal name Gorny Z.
Miscellaneous information Codice autore musica SPICS: 25408
Relator term Autore musica
Name of part/section of a work Koncert Na Swiatlo I Cien
9 (RLIN) 24636
700 ## - ADDED ENTRY--PERSONAL NAME
Personal name Kondratowicz J.
Miscellaneous information Codice autore testo/musica SPICS: 25196
Relator term Autore testo/musica
Name of part/section of a work Koncert Na Swiatlo I Cien - Lot nr. 205 - Przez Morze Siedmiu Morz - Blue Box
9 (RLIN) 24637
700 ## - ADDED ENTRY--PERSONAL NAME
Personal name Dowgierd J.
Miscellaneous information Codice autore musica SPICS: 25409
Relator term Autore musica
Name of part/section of a work Dzieli Nas Pol Swiata - Przez Morze Siedmiu Morz
9 (RLIN) 24638
700 ## - ADDED ENTRY--PERSONAL NAME
Personal name Tara A.
Miscellaneous information Codice autore testo/musica SPICS: 25201
Relator term Autore testo/musica
Name of part/section of a work Dzieli Nas Pol Swiata - Nie Powiem Ci Idz
9 (RLIN) 24639
700 ## - ADDED ENTRY--PERSONAL NAME
Personal name Trzcinski W.
Miscellaneous information Codice autore musica SPICS: 23061
Relator term Autore musica
Name of part/section of a work Lot nr. 205 - Przed Siebie Pobiec Choc Raz
9 (RLIN) 24640
700 ## - ADDED ENTRY--PERSONAL NAME
Personal name Maliszewski Aleksander
Miscellaneous information Codice autore musica SPICS: 23058
Relator term Autore musica
Name of part/section of a work Blue Box
9 (RLIN) 24641
700 ## - ADDED ENTRY--PERSONAL NAME
Personal name Trojan M.
Miscellaneous information Codice autore musica SPICS: 25410
Relator term Autore musica
Name of part/section of a work Nie Powiem Ci Idz - Lepiej, Ze Nie Wiem - Trzeba Tam Wrocic
9 (RLIN) 24642
700 ## - ADDED ENTRY--PERSONAL NAME
Personal name Sobczak A.
Miscellaneous information Codice autore testo/musica SPICS: 25156
Relator term Autore testo/musica
Name of part/section of a work Trzeba Tam Wrocic
9 (RLIN) 24643
942 ## - ADDED ENTRY ELEMENTS (KOHA)
Koha item type DISCHI
Source of classification or shelving scheme Dewey Decimal Classification
Dati di copia
Withdrawn status Lost status Damaged status Not for loan Home library Current library Date acquired Total Checkouts Full call number Date last seen Price effective from Koha item type Public note
    Buone Condizioni Not For Loan SPICS-MEDIATECA SPICS-MEDIATECA 25/10/2013   73130 25/10/2013 25/10/2013 DISCHI Progr. Ins.: 17464 / N.Vol.: 1 / Copie: 1 - Copia rara: n.d. / date import: 01.01.2014 - By Epidotti, Trombetti, Vaglietti
CREDITS: SOCIETA' SAN PAOLO Via A.Severo, 58 - ROMA (RM) & PERIODICI SAN PAOLO SRL Via Giotto, 36 MILANO & CISF Via Giotto, 36 MILANO & EDIZIONI SAN PAOLO SRL,  Piazza Soncino, 5 CINISELLO BALSAMO (MI) -- ITALY